Science and health : (Record no. 1349)

MARC details
000 -LEADER
fixed length control field 00776cam a2200265 a 4500
005 - DATE AND TIME OF LATEST TRANSACTION
control field 20260322212057.0
008 - FIXED-LENGTH DATA ELEMENTS--GENERAL INFORMATION
fixed length control field data
010 ## - LIBRARY OF CONGRESS CONTROL NUMBER
LC control number 94072340
020 ## - INTERNATIONAL STANDARD BOOK NUMBER
International Standard Book Number 0879520388
020 ## - INTERNATIONAL STANDARD BOOK NUMBER
International Standard Book Number 9780879520380
040 ## - CATALOGING SOURCE
Original cataloging agency DLC
Transcribing agency DLC
Modifying agency DLC
050 00 - LIBRARY OF CONGRESS CALL NUMBER
Classification number BX6941
Item number .S4 1994
082 00 - DEWEY DECIMAL CLASSIFICATION NUMBER
Classification number 289.5/2
Edition information 21
092 ## - LOCALLY ASSIGNED DEWEY CALL NUMBER (OCLC)
Classification number 289.5 S4 1994
001 - CONTROL NUMBER
control field data
100 1# - MAIN ENTRY--PERSONAL NAME
Personal name Eddy, Mary Baker,
Dates associated with a name 1821-1910.
245 10 - TITLE STATEMENT
Title Science and health :
Remainder of title with key to the Scriptures /
Statement of responsibility, etc. Mary Baker Eddy.
250 ## - EDITION STATEMENT
Edition statement [Authorized ed.].
260 ## - PUBLICATION, DISTRIBUTION, ETC.
Place of publication, distribution, etc. Boston, Mass. :
Name of publisher, distributor, etc. First Church of Christ, Scientist,
Date of publication, distribution, etc. c1994.
300 ## - PHYSICAL DESCRIPTION
Extent xii, 700 p. ;
Dimensions 23 cm.
500 ## - GENERAL NOTE
General note Originally published: 1875.
500 ## - GENERAL NOTE
General note Includes index.
650 #0 - SUBJECT ADDED ENTRY--TOPICAL TERM
Topical term or geographic name entry element Christian Science.
650 #0 - SUBJECT ADDED ENTRY--TOPICAL TERM
Topical term or geographic name entry element Health
General subdivision Christian Science.
-- Christian Science.
Holdings
Withdrawn status Lost status Damaged status Not for loan Home library Current library Shelving location Date acquired Total checkouts Full call number Barcode Date last seen Price effective from Koha item type
        Franklin Franklin General stacks 22/03/2026   289.5/2 21 BC0011393 22/03/2026 22/03/2026 Books